000 00316nam a22000977a 4500
008 150617b xxu||||| |||| 00| 0 eng d
010 _8 SCCRSF: 004
245 _aHIGH COURT CRIMINAL SESSION No.156 of 1969 Uganda Vs Omoding s/o Elengere
260 _a High Court Kampala
500 _3Before: The Hon. Mr.Justice J.E. Mead
999 _c6326
_d6326